Test process improvement: A practical step-by-step guide to structured testing (Record no. 167986)

MARC details
000 -LEADER
fixed length control field 00425nam a2200145Ia 4500
008 - FIXED-LENGTH DATA ELEMENTS--GENERAL INFORMATION
fixed length control field 231217s9999 xx 000 0 und d
041 ## - LANGUAGE CODE
Language code of text/sound track or separate title English
082 ## - DEWEY DECIMAL CLASSIFICATION NUMBER
Classification number 001.6424 KOO;1 `R'
100 ## - MAIN ENTRY--PERSONAL NAME
Personal name Koomen, Tim Pol, Martin
245 #0 - TITLE STATEMENT
Title Test process improvement: A practical step-by-step guide to structured testing
260 ## - PUBLICATION, DISTRIBUTION, ETC.
Date of publication, distribution, etc. 1999
Name of publisher, distributor, etc. Addison-Wesley
300 ## - PHYSICAL DESCRIPTION
Extent xv+215
650 ## - SUBJECT ADDED ENTRY--TOPICAL TERM
Topical term or geographic name entry element Test process improvement
942 ## - ADDED ENTRY ELEMENTS (KOHA)
Koha item type Books
Holdings
Date last seen Total checkouts Full call number Accession number Cost, total (INR) price Price effective from Category Lost status Damaged status Department Withdrawn status Home library Current library Shelving location Entry date Vendor Cost, normal purchase price Grants Billnumber Billdate Currency symbol Conversion rate Discount Old discount
26/01/2024   001.6424 KOO;1 `R' 17867 2443.20 26/01/2024 Books     Central Library   Central Library Central Library Library Annex 27/07/2001 Sai Books 2874.35 MCA 1162 10/01/2004 RS 1 431.15 15

© For any Suggestions or Query, please contact the library staff @ librarian@pes.edu or Phone: +9180 2672 1983/ 2108.